000 005670000a22001810004500
003 MACL
005 20160601123302.0
008 160601b xxu||||| |||| 00| 0 eng d
040 _aMACL
_cMACL
041 _aHindi
082 _a910 NAM
100 _aनम्‍बूरी, जे. पी
_961205
245 _aहिमालय तीर्थ
_cजे. पी. नम्‍बूरी
260 _bट्रेक्‍स एण्‍ड
_c2010
_aकलकाता
350 _a80
650 _aयात्रा
_961206
942 _cHIN
_k910/NAM
_2ddc
999 _c45293
_d45293